Natural language processing, corpus linguistics, e-learning = Počítačové spracovanie prirodzeného jazyka, korpusová lingvistika, e-learning ; Slovko 2013 : proceedings ; Bratislava, Slovakia, 13 - 15 November, 2013 /

Uloženo v:
Podrobná bibliografie
Korporativní autor: Natural language processing, corpus linguistics, e-learning Bratislava, Slovakia
Další autoři: Gajdošová, Katarína (Editor), Žáková, Adriána (Editor)
Médium: Konferenční příspěvek Kniha
Jazyk:angličtina
slovenština
čeština
Vydáno: Lüdenscheid : RAM-Verlag, 2013
Vydání:1st ed.
Témata:
ISBN:9783942303187
On-line přístup: Získat plný text
Tagy: Přidat tag
Žádné tagy, Buďte první, kdo vytvoří štítek k tomuto záznamu!

MARC

LEADER 00000nam a2200000 4500
003 SK-BrCVT
005 20220621183324.0
006 aabdle 100 0
008 161212s2013 gw abdle 100 0eng#d
020 |a 9783942303187   |q (brož.) 
035 |a CVTIDW0060842 
040 |a SNK  |b slo  |c SNK  |e AACR2  |d CVTI SR 
041 0 |a eng  |a slo  |a cze  |b eng 
044 |a xo  |c SK 
080 |a 81  |2 2008 
080 |a 004  |2 2008 
111 2 |a Natural language processing, corpus linguistics, e-learning  |n (7th International conference :  |d 13 - 15 November, 2013 :  |c Bratislava, Slovakia) 
245 1 0 |a Natural language processing, corpus linguistics, e-learning =  |b Počítačové spracovanie prirodzeného jazyka, korpusová lingvistika, e-learning ; Slovko 2013 : proceedings ; Bratislava, Slovakia, 13 - 15 November, 2013 /  |c editors: Katarína Gajdošová, Adriána Žáková 
246 1 1 |a Počítačové spracovanie prirodzeného jazyka, korpusová lingvistika, e-learnin 
246 1 4 |a SLOVKO 2013 
250 |a 1st ed. 
260 |a Lüdenscheid :  |b RAM-Verlag,  |c 2013 
300 |a 296 s. :  |b grafy, lit., mapy, obr., tab. ;  |c 23 cm 
653 1 |a jazykoveda 
653 1 |a lingvistika 
653 1 |a počítač 
653 1 |a výpočtová technika 
655 7 |a zborníky  |2 SNKPH 
700 1 |a Gajdošová, Katarína  |4 edt 
700 1 |a Žáková, Adriána  |4 edt 
852 |a CVTISR  |b 1 
910 |b A624830 
919 |a 978-3-942303-18-7 
959 |a 02 
974 |a katarina.repata  |f Knihy 
992 |a AZN 
999 |c 264001  |d 264001